Normal view MARC view

Entry Uniform Title

Number of records used in: 2

001 - CONTROL NUMBER

  • control field: 19016

003 - CONTROL NUMBER IDENTIFIER

  • control field: dpl

005 - DATE AND TIME OF LATEST TRANSACTION

  • control field: 20100908161119.0

008 - FIXED-LENGTH DATA ELEMENTS

  • fixed length control field: 100908|||a|||||| | ||| d

040 ## - CATALOGING SOURCE

  • Original cataloging agency: dpl
  • Transcribing agency: dpl

130 ## - HEADING--UNIFORM TITLE

  • Uniform title: Pat's big hits -vol 2

670 ## - SOURCE DATA FOUND

  • Source citation: Work cat.: (dpl): Bonne, Pat 18473, Dont Forbid me /

670 ## - SOURCE DATA FOUND

  • Source citation: Work cat.: (dpl): Bonne, Pat 18473, Dont Forbid me /

© Delhi Public Library
Hit Counter
free hit counter